书目信息 |
| 题名: |
创业复盘 : 华科系校友逆风险创业口述案例
|
|
| 作者: | 方伟 主编 | |
| 分册: | ||
| 出版信息: | 武汉 华中科技大学出版社 2019.11 |
|
| 页数: | 195页 | |
| 开本: | 20cm | |
| 丛书名: | 普通高等院校创新创业人才培养系列教材 | |
| 单 册: | ||
| 中图分类: | F272.2-43 | |
| 科图分类: | ||
| 主题词: | 企业经济 | |
| 电子资源: | ||
| ISBN: | 978-7-5680-5872-8 | |
| 000 | 01112nam0 2200217 450 | |
| 001 | 2452627681 | |
| 005 | 20241108143933.27 | |
| 010 | @a978-7-5680-5872-8@dCNY54.80 | |
| 100 | @a20241108d2019 km y0chiy0120 ea | |
| 101 | 0 | @achi |
| 200 | 1 | @a创业复盘 : 华科系校友逆风险创业口述案例@AChuang Ye Fu Pan:Hua Ke Xi Xiao You Ni Feng Xian Chuang Ye Kou Shu An Li@f方伟主编@FFang Wei Zhu Bian |
| 210 | @a武汉@c华中科技大学出版社@d2019.11 | |
| 215 | @a195页@d20cm | |
| 225 | 2 | @a普通高等院校创新创业人才培养系列教材 |
| 330 | @a本书作者团队通过两年多的调研访谈, 收集了13家创业企业的创始人的创业口述, 这些企业分布在移动互联网与大数据、车联网与智能驾驶、互联网视频、互联网 + 移动支付、人工智能 + 金融、互联网 + 房产交易、互联网 + 粉丝服务、社会化电商、生态农业、创新创业服务等领域, 一定程度上代表了最近几年创新创业的前沿领域。 企业创始人都是从华中科技大学走出去的创业者, 在国内外各自领域具有一定影响力。 | |
| 410 | 0 | @12001 @a普通高等院校创新创业人才培养系列教材 |
| 606 | 0 | @a企业经济 |
| 690 | @aF272.2-43@v4 | |
| 701 | 0 | @a方伟@AFang Wei@4主编 |
| 801 | 0 | @aCN@b河南城建学院图书馆@c20241108 |
| 905 | @dF272.2-43@eF253 | |
| 创业复盘 : 华科系校友逆风险创业口述案例/方伟主编.-武汉:华中科技大学出版社,2019.11 |
| 195页;20cm.-(普通高等院校创新创业人才培养系列教材) |
| ISBN 978-7-5680-5872-8:CNY54.80 |
| 本书作者团队通过两年多的调研访谈, 收集了13家创业企业的创始人的创业口述, 这些企业分布在移动互联网与大数据、车联网与智能驾驶、互联网视频、互联网 + 移动支付、人工智能 + 金融、互联网 + 房产交易、互联网 + 粉丝服务、社会化电商、生态农业、创新创业服务等领域, 一定程度上代表了最近几年创新创业的前沿领域。 企业创始人都是从华中科技大学走出去的创业者, 在国内外各自领域具有一定影响力。 |
| ● |
| 相关链接 |
|
|
|
正题名:创业复盘 : 华科系校友逆风险创业口述案例
索取号:F272.2-43/F253
 
预约/预借
| 序号 | 登录号 | 条形码 | 馆藏地/架位号 | 状态 | 备注 |
| 1 | 1553507 | 215535071 | 社科库409/409社科库 87排4列1层/ [索取号:F272.2-43/F253] | 在馆 |